Catálogo público

Variedades de café en México : (Record no. 111376)

MARC details
000 -CABECERA
campo de control de longitud fija 01257nam a2200361 a 4500
001 - NÚMERO DE CONTROL
campo de control 000114915
003 - IDENTIFICADOR DEL NÚMERO DE CONTROL
campo de control CHAP
005 - FECHA Y HORA DE LA ÚLTIMA TRANSACCIÓN
campo de control 20251007135001.0
008 - DATOS DE LONGITUD FIJA--INFORMACIÓN GENERAL
campo de control de longitud fija 180806s2016 mx a |r| |||1|||spa d
010 ## - NÚMERO DE CONTROL DE LA BIBLIOTECA DEL CONGRESO
Número de control de LC 111376
011 ## - ENLACE DEL NUMERO DE CONTROL DE LA BIBLIOTECA DEL CONGRESO [OBSOLETO]
Número de control de LC 112348
020 ## - NÚMERO INTERNACIONAL ESTÁNDAR DEL LIBRO
Número Internacional Estándar del Libro 9786078445592
040 ## - FUENTE DE LA CATALOGACIÓN
Centro/agencia transcriptor CHAP
090 ## - LOCALMENTE ASIGNADO TIPO-LC NÚMERO DE CLASIFICACIÓN (OCLC); NÚMERO DE CLASIFICACIÓN LOCAL (RLIN)
Número de clasificación (OCLC) (R) ; Numero de clasificación, CALL (RLIN) (NR) Folleto 7212
100 10 - ENTRADA PRINCIPAL--NOMBRE DE PERSONA
Nombre de persona Zamarripa Colmenero, Alfredo
9 (RLIN) 123470
245 10 - MENCIÓN DE TÍTULO
Título Variedades de café en México :
Resto del título origen, características y perspectivas /
Mención de responsabilidad, etc. por Alfredo Zamarripa Colmenero y Esteban Escamilla Prado ; coordinadora editorial : Susana Córdova Santamaría.
250 ## - MENCIÓN DE EDICIÓN
Mención de edición 2 ed. corregida y aumentada
260 ## - PUBLICACIÓN, DISTRIBUCIÓN, ETC.
Lugar de publicación, distribución, etc. México :
Nombre del editor, distribuidor, etc. CÓDICE,
Fecha de publicación, distribución, etc. 2016 .
300 ## - DESCRIPCIÓN FÍSICA
Extensión 43 p. :
Otras características físicas il .
590 ## - NOTA LOCAL (RLIN)
Nota local E11695DGD
Procedencia (VM) [OBSOLETO] 10
Condición del los carretes individuales (VM) [OBSOLETO] 20190927
-- UCH01
-- 1043
590 ## - NOTA LOCAL (RLIN)
Nota local E6337LMJ
Procedencia (VM) [OBSOLETO] 05
Condición del los carretes individuales (VM) [OBSOLETO] 20180806
-- UCH01
-- 1443
590 ## - NOTA LOCAL (RLIN)
Nota local E6337LMJ
Procedencia (VM) [OBSOLETO] 05
Condición del los carretes individuales (VM) [OBSOLETO] 20180808
-- UCH01
-- 0950
590 ## - NOTA LOCAL (RLIN)
Nota local E6337LMJ
Procedencia (VM) [OBSOLETO] 05
Condición del los carretes individuales (VM) [OBSOLETO] 20180808
-- UCH01
-- 0952
590 ## - NOTA LOCAL (RLIN)
Nota local E6337LMJ
Procedencia (VM) [OBSOLETO] 05
Condición del los carretes individuales (VM) [OBSOLETO] 20180808
-- UCH01
-- 1305
650 14 - PUNTO DE ACCESO ADICIONAL DE MATERIA--TÉRMINO DE MATERIA
Término de materia o nombre geográfico como elemento de entrada Café
Subdivisión general Mejoramiento.
9 (RLIN) 17168
650 14 - PUNTO DE ACCESO ADICIONAL DE MATERIA--TÉRMINO DE MATERIA
Término de materia o nombre geográfico como elemento de entrada Café
Subdivisión general Mercadeo
Subdivisión geográfica México.
9 (RLIN) 17173
650 14 - PUNTO DE ACCESO ADICIONAL DE MATERIA--TÉRMINO DE MATERIA
Término de materia o nombre geográfico como elemento de entrada Café
Subdivisión general Variedades
Subdivisión geográfica México.
9 (RLIN) 135314
700 0# - PUNTO DE ACCESO ADICIONAL--NOMBRE DE PERSONA
Nombre de persona Escamilla Prado, Esteban
Término indicativo de función/relación ed.
9 (RLIN) 37449
700 1# - PUNTO DE ACCESO ADICIONAL--NOMBRE DE PERSONA
Nombre de persona Córdova Santamaría, Susana
Término indicativo de función/relación ed.
9 (RLIN) 135315
901 ## - ELEMENTOS DE DATOS A LOCAL LDA (RLIN)
a BK
942 ## - ELEMENTOS DE PUNTO DE ACCESO ADICIONAL (KOHA)
Tipo de ítem Koha Folleto
942 ## - ELEMENTOS DE PUNTO DE ACCESO ADICIONAL (KOHA)
Suprimir en OPAC 0
Holdings
Estado de retiro Estado de pérdida Fuente del sistema de clasificación o colocación Estado dañado Restricciones de uso No para préstamo Código de colección Localización permanente Ubicación/localización actual Ubicación en estantería Fecha de adquisición Información codificada de la localización en otra ubicación Total de préstamos Signatura topográfica completa Código de barras Fecha visto por última vez Precio válido a partir de Tipo de ítem Koha Número de copia
    Clasificación Universidad Autónoma de Chapingo   Préstamo interno   Folletos Biblioteca Central Biblioteca Central Planta alta - Área de Tesis - Folletos 08/08/2018 FOLL   Folleto 7212 33724002550785 31/12/2019 08/08/2018 Folleto  
    Clasificación Universidad Autónoma de Chapingo   Préstamo 3 días   Folletos Biblioteca Central Biblioteca Central Planta alta - Área de Tesis - Folletos 08/08/2018 FOLL   Folleto 7212 33724002550827 31/12/2019 08/08/2018 Folleto c.2